000 00376 a2200133 4500
005 20250629114737.0
020 _a978-81-259153-17
082 _a510.3 AKH
100 _aAKHILESH, K .B .
245 _aMathematics and Statistics for Management
260 _aNew Delhi,
_bVikas House PVT Ltd,
_c2007.
300 _ax, 890p.: ill.; table,
_bbibliography,
_c24cm.
942 _2ddc
_cBKS
999 _c6299
_d6299